Score 0/26 Timer 03:00
2 Plays Today
Clue 4-Letter Word % Correct
'Little ___ Sunshine'MISS
97.7%
Penguin-based cartoon 'Happy ___'FEET
93.8%
Formal high school dancePROM
92.8%
Capital of ItalyROME
92.6%
Cut a photo to sizeCROP
92.1%
An item used on stagePROP
91.3%
Leaping amphibianFROG
90.8%
Home for chickensCOOP
90.4%
'If you build it, he will ___.' - Field of DreamsCOME
89.7%
Where soldiers eatMESS
88.4%
Golf course goalHOLE
85.4%
A free ticket to a showCOMP
82.9%
Deed of daringFEAT
82%
Clue 4-Letter Word % Correct
'Batman Forever' theme: '[Rung 1] [Rung 11] a [Rung 19]' by [Rung 26]FROM
80.2%
'Let's Make a ___'DEAL
76.1%
Fixed chargesFEES
73.6%
Texas-based computer manfacturerDELL
71.4%
ΣΑΕ or ΒΘΠ, e.g.FRAT
71%
Davy Crocket portrayer ParkerFESS
70.5%
Jack Kemp's running mate Bob in 1996DOLE
68.4%
To attack a superior officer with the intent to killFRAG
67.4%
NylonsHOSE
65.7%
'Batman Forever' theme: '[Rung 1] [Rung 11] a [Rung 19]' by [Rung 26]ROSE
62.6%
Editing mark undone by a 'stet'DELE
57.5%
'Batman Forever' theme: '[Rung 1] [Rung 11] a [Rung 19]' by [Rung 26]KISS
52.9%
'Batman Forever' theme: '[Rung 1] [Rung 11] a [Rung 19]' by [Rung 26]SEAL
40.4%

Today's Daily Dose

Missing Word
'T' Pairs

Word Ladder
Game Pieces

Get the Picture
Baseball Movies

Remove Ads.
Support Sporcle.
Get the best of Sporcle when you Go Orange. This ad-free experience offers more features, more stats, and more fun while also helping to support Sporcle. Thank you for becoming a member.

You're not logged in!

Compare scores with friends on all Sporcle quizzes.
OR
Log In

Show Comments

Extras

Top Quizzes Today


Score Distribution

Your Account Isn't Verified!

In order to create a playlist on Sporcle, you need to verify the email address you used during registration. Go to your Sporcle Settings to finish the process.

Report this User

Report this user for behavior that violates our Community Guidelines.

Details: